Korea in the year 2000 : (Record no. 71374)
[ view plain ]
| 000 -LEADER | |
|---|---|
| fixed length control field | 00708cam a2200229Ma 4500 |
| 001 - CONTROL NUMBER | |
| control field | 1047024 |
| 003 - CONTROL NUMBER IDENTIFIER | |
| control field | BD-DhUL |
| 005 - DATE AND TIME OF LATEST TRANSACTION | |
| control field | 20160529150456.0 |
| 008 - FIXED-LENGTH DATA ELEMENTS--GENERAL INFORMATION | |
| fixed length control field | 910724s1985 ko 000 0 eng d |
| 035 ## - SYSTEM CONTROL NUMBER | |
| System control number | (OCoLC)ocm24408642 |
| 035 ## - SYSTEM CONTROL NUMBER | |
| System control number | (CStRLIN)NYCG91-B98356 |
| 035 ## - SYSTEM CONTROL NUMBER | |
| System control number | (NNC)1047024 |
| 040 ## - CATALOGING SOURCE | |
| Original cataloging agency | NYP |
| Transcribing agency | NYP |
| Modifying agency | BD-DhUL |
| 082 ## - DEWEY DECIMAL CLASSIFICATION NUMBER | |
| Classification number | 338.9519 |
| Item number | KOK |
| 245 10 - TITLE STATEMENT | |
| Title | Korea in the year 2000 : |
| Remainder of title | prospects for development and change / |
| Statement of responsibility, etc. | Han Sung-Joo, editor. |
| 260 ## - PUBLICATION, DISTRIBUTION, ETC. (IMPRINT) | |
| Place of publication, distribution, etc. | Seoul : |
| Name of publisher, distributor, etc. | Asiatic Research Center, Korea University, |
| Date of publication, distribution, etc. | c1985. |
| 300 ## - PHYSICAL DESCRIPTION | |
| Extent | iv, 323 p. ; |
| Dimensions | 23 cm. |
| 651 #0 - SUBJECT ADDED ENTRY--GEOGRAPHIC NAME | |
| Geographic name | Korea (South) |
| General subdivision | Economic policy |
| Chronological subdivision | 1960-1988 |
| Form subdivision | Congresses. |
| 700 1# - ADDED ENTRY--PERSONAL NAME | |
| Personal name | Han, Sŭng-ju. |
| 942 ## - ADDED ENTRY ELEMENTS (KOHA) | |
| Source of classification or shelving scheme | |
| Koha item type | Books |
| Price effective from | Date last seen | Permanent Location | Not for loan | Date acquired | Source of classification or shelving scheme | Koha item type | Lost status | Withdrawn status | Source of acquisition | Collection code | Damaged status | Shelving location | Barcode | Current Location | Full call number |
|---|---|---|---|---|---|---|---|---|---|---|---|---|---|---|---|
| 2016-05-29 | 2016-05-29 | Dhaka University Library | 2016-05-29 | Books | Purchased | Non Fiction | General Stacks | 324946 | Dhaka University Library | 338.9519 KOK |
